Statistics for Mother Sauces

Click here to take the quiz!

General Stats

  • This quiz has been taken 65 times
  • The average score is 3 of 5

Answer Stats

Answer% Correct
Béchamel
83%
Hollandaise
70%
Tomato
65%
Espagnole
30%
Velouté
27%

Score Distribution

Percentile by Number Answered

Percent of People with Each Score

Your Score History

You have not taken this quiz